Main Characters of Hey Arnold Quiz Stats

 Plays Quiz not verified by Sporcle

Challenge
Share
Tweet
Embed
Score 0/20 Timer 10:00
0 Plays Today
% Correct
Arnold
100%
Helga
96.6%
Gerald
91.7%
Stinky
84.1%
Harold
82.8%
Sid
82.8%
Grandpa
80.7%
Grandma
80%
Phoebe
78.6%
Rhonda
75.2%
% Correct
Eugene
72.4%
Lila
60.7%
Oskar
58.6%
Curly
57.9%
Nadine
57.9%
Brainy
46.2%
Iggy
35.2%
Susie
33.1%
Abner
30.3%
Mr. Huynh
13.8%

You're not logged in!

Compare scores with friends on all Sporcle quizzes.
Join for Free
OR
Log In

You Might Also Like...

Show Comments

Extras

Created Aug 11, 2011ReportNominate
Tags:Hey Arnold, Nickelodeon

Top Quizzes Today


Score Distribution

Your Account Isn't Verified!

In order to create a playlist on Sporcle, you need to verify the email address you used during registration. Go to your Sporcle Settings to finish the process.

Report this User

Report this user for behavior that violates our Community Guidelines.

Details: